| 000 | 00000nam##2200000za#4500 |
| 001 | 9.683214 |
| 003 | CaOODSP |
| 005 | 20210615133416 |
| 007 | ta |
| 008 | 150407|2006||||xxc||||| f|0| 0 fre|d |
| 020 | |a0-662-71180-7 |
| 040 | |aCaOODSP|bfre |
| 043 | |an-cn--- |
| 086 | 1 |aH128-1/06-432-1F |
| 110 | 1 |aCanada. |bSanté Canada.|bDirection générale de la santé environnementale et de la sécurité des consommateurs. |
| 245 | 10|aLignes directrices sur la qualité de l'air intérieur résidentiel - formaldéhyde |
| 260 | |aOttawa - Ontario : |bSanté Canada. |c2006. |
| 300 | |a4p. : |btableaux ; |c28 cm. |
| 563 | |aDépliant |
| 590 | |a07-05|b2007-02-02 |
| 691 | 07|aQualité de l'air|2gcpds |
| 691 | 07|aLogement|2gcpds |
| 775 | 08|tResidential indoor air quality guideline - formaldehyde |w(CaOODSP)9.650090 |
| 776 | 0#|tLignes directrices sur la qualité de l'air intérieur résidentiel - formaldéhyde |w(CaOODSP)9.633687 |
| 986 | |aHC Pub.: 4121 |